Fr. Conceicao Rodrigues College of Engineering

Operating system principles (Record no. 34958)

MARC details
000 -LEADER
fixed length control field 00316nam a2200145Ia 4500
082 ## - DEWEY DECIMAL CLASSIFICATION NUMBER
Classification number 1.64
Item number HAN
100 ## - MAIN ENTRY--PERSONAL NAME
Personal name Hansen/P.B.
245 ## - TITLE STATEMENT
Title Operating system principles
260 ## - PUBLICATION, DISTRIBUTION, ETC.
Name of publisher, distributor, etc. prentice hall
Place of publication, distribution, etc. New Delhi
Date of publication, distribution, etc. 1986
300 ## - PHYSICAL DESCRIPTION
Extent 366
546 ## - LANGUAGE NOTE
Language note ENGLISH
654 ## - SUBJECT ADDED ENTRY--FACETED TOPICAL TERMS
Focus term operating systems
942 ## - ADDED ENTRY ELEMENTS (KOHA)
Koha item type BOOK
Holdings
Withdrawn status Lost status Damaged status Not for loan Collection Home library Current library Date acquired Cost, normal purchase price Total Checkouts Full call number Barcode Date last seen Cost, replacement price Price effective from Koha item type
        CRC Fr. Agnel's C.Rodrigues College of Engineering Fr. Agnel's C.Rodrigues College of Engineering 17/03/2023 50.00   1.64 HAN 1423 17/03/2023 50.00 17/03/2023 BOOK